500 dữ kiện khoa học về đại dương
محفوظ في:
| المؤلف الرئيسي: | |
|---|---|
| مؤلفون آخرون: | |
| التنسيق: | كتاب |
| منشور في: |
Tp. Hồ Chí Minh
Trẻ
2013
|
| سلاسل: | Tủ sách bách khoa tri thức
|
| الموضوعات: | |
| الوسوم: |
إضافة وسم
لا توجد وسوم, كن أول من يضع وسما على هذه التسجيلة!
|
| Thư viện lưu trữ: | Trung tâm Học liệu Lê Vũ Hùng, Trường Đại học Đồng Tháp |
|---|
| LEADER | 00905aam a22003258a 4500 | ||
|---|---|---|---|
| 001 | 00035449 | ||
| 005 | 20171026081025.0 | ||
| 008 | 161207s2013 ||||||Viesd | ||
| 020 | # | # | |c 195000 |
| 041 | 0 | # | |a Vie |
| 082 | 1 | # | |a 551.46 |b N114TR |
| 100 | 0 | # | |a Kelly,Miles |
| 245 | 1 | 0 | |c Miles Kelly; Đăng Thư (dịch) |a 500 dữ kiện khoa học về đại dương |
| 260 | # | # | |a Tp. Hồ Chí Minh |b Trẻ |c 2013 |
| 300 | # | # | |a 215tr |c 30cm. |
| 490 | 0 | # | |a Tủ sách bách khoa tri thức |
| 653 | # | # | |a Dữ kiện |
| 653 | # | # | |a Đại dương |
| 653 | # | # | |a Sinh vật |
| 653 | # | # | |a Khoa học |
| 700 | 1 | # | |a Đăng, Thư |e dịch |
| 852 | # | # | |j KD.0019060 |
| 852 | # | # | |b Kho đọc |j KD.0019060 |
| 910 | |d 07/12/2016 | ||
| 980 | # | # | |a Trung tâm Học liệu Lê Vũ Hùng, Trường Đại học Đồng Tháp |